The Buddhist conquest of China. (Record no. 23645)

MARC details
000 -LEADER
fixed length control field 00449cam a2200169 4500
082 00 - DEWEY DECIMAL CLASSIFICATION NUMBER
Classification number 294.30951
Author Cutter ZUR
100 1# - MAIN ENTRY--AUTHOR NAME
Author name Zürcher, E.
245 14 - TITLE STATEMENT
Title The Buddhist conquest of China.
250 ## - EDITION STATEMENT
Edition statement Reprint, with additions and corrections.
260 ## - PUBLICATION, DISTRIBUTION, ETC. (IMPRINT)
Place of publication Leiden,
Name of publisher Brill,
Year of publication 1972.
300 ## - PHYSICAL DESCRIPTION
Number of Pages 2 v.
500 ## - GENERAL NOTE
General note "First published 1959."
505 0# - FORMATTED CONTENTS NOTE
Formatted contents note v. 1. Text.--v. 2. Notes, bibliography, indexes.
650 #0 - SUBJECT ADDED ENTRY--TOPICAL TERM
Topical Term Buddhism
942 ## - ADDED ENTRY ELEMENTS (KOHA)
Koha item type Books
Holdings
Home library Current library Shelving location Date acquired Source of acquisition Full call number Accession Number Koha item type
Henry Martyn Institute Library Henry Martyn Institute Library General stacks 10/24/2025 Director 294.30951 ZUR 016788 Books
                   Copyright © 2026 | Henry Martyn Institute | Hyderabad | TS-500052 | INDIA | Implemented by hmi.edu.in
Hit-Count:

Powered by Koha